000 00773cab a2200253 4500
001 ABS57838
008 090401t1997 xxu||||| |||| 00| 0 eng d
035 _a(Sirsi) u81221
041 _aeng
245 _aAlternative land use
260 _c1997
350 _a0
490 _aFarm Development Review
_v11(9) July 1997, (8) (LOAN)
520 _aGuide for farmers on alternative land use. Covers goat farming, organic farming, a franchise scheme for farmers with redundant buildings and tourism on Hadrian`s Wall.
650 _aALTERNATIVE LAND USE
650 _aFARMERS
650 _aGOAT FARMING
650 _aHADRIANS WALL
650 _aORGANIC FARMING
650 _aREDUNDANT BUILDINGS
690 _aRURAL PRACTICE
942 _n0
948 _c02/10/1997
999 _c51186
_d51186